Normal view
MARC view
- حنا ، منير رياض
Entry Personal Name
001 - CONTROL NUMBER
- control field: 31988
003 - CONTROL NUMBER IDENTIFIER
- control field: JO-AjAnu
005 - DATE AND TIME OF LATEST TRANSACTION
- control field: 20230606075400.0
008 - FIXED-LENGTH DATA ELEMENTS
- fixed length control field: 230606|| aca||aabn | a|a d
040 ## - CATALOGING SOURCE
- Original cataloging agency: JO-AjAnu
- Transcribing agency: JO-AjAnu
100 ## - HEADING--PERSONAL NAME
- Personal name: حنا ، منير رياض
670 ## - SOURCE DATA FOUND
- Source citation: Work cat.: (JO-AjAnu)16428: حنا ، منير رياض , author, الطب الشرعي والوسائل العلمية والبوليسية المستخدمة في الكشف عن الجرائم وتعقب الجناة